Statistics for Cities in the Philippines With Over 1 Million People

Click here to take the quiz!

General Stats

  • This quiz has been taken 36 times
  • The average score is 3 of 6

Answer Stats

PopulationCity% Correct
1,600,000Manila
100%
1,212,504Davao
78%
2,761,720Quezon City
78%
1,500,000Caloocan City
26%
1,273,715Budta
4%
1,121,974Malingao
4%

Score Distribution

Percentile by Number Answered

Percent of People with Each Score

Your Score History

You have not taken this quiz